00893nam a2200241Ia 4500008004100000020002200041050001700063050001400080100002400094245006800118245015500186260001600341260003400357260000900391300001600400300002000416300001100436500002000447650002200467650002000489999001900509952012300528180523s9999 xx 000 0 und d a978-981-06-9817-1 aMAIN QP 34.5 b.S27 2007 aSarikas, Stephen N. 2aA look at laboratory investigations in anatomy and physiology / 0cStephen N. Sarikas ; with William C. Ober, art Coordinator and illustrator ; Claire W. Garrison and Anita Impagliazzo, illustrators ... [[et al]..]. aSingapore : bPearson Education South Asia, c2007 a589 pages : billustrations ; c24 cm. aIncludes index. aHuman physiology. xHuman anatamoy. c357582d357582 001040aSMCbSMCcMAINd2009-01-09g698.00l0oMAIN QP 34.5 .S27 2007pSMC03776r2018-05-23 00:00:00w2018-05-23yBK